| 000 | 01961cam a22003731i 4500 | ||
|---|---|---|---|
| 003 | SA-RiAUC | ||
| 005 | 20250802050039.0 | ||
| 008 | 250731q19001999su g b 00010 ara c | ||
| 040 |
_aSA-JeALM _bara _cSA-RiAUC _erda |
||
| 043 | _aa-su--- | ||
| 082 | 0 | 4 |
_a953.122 _qSA-RiAUC |
| 090 |
_a953.122 _bع ب ا |
||
| 100 | 1 |
_aالعباسي، أحمد بن عبد الحميد، _dتوفي قرن 10 هجري _eمؤلف. |
|
| 245 | 1 | 0 |
_aكتاب عمدة الأخبار في مدينة المختار / _cأحمد بن عبد الحميد العباسي ؛ تصحيح وتحرير محمد الطيب الأنصاري. تصحيح وضبط حمد الجاسر. |
| 246 | 3 | 0 | _aعمدة الأخبار في مدينة المختار |
| 246 | 3 | 0 | _aمدينة المختار |
| 250 | _aالطبعة الرابعة. | ||
| 264 | 1 |
_aالمدينة المنورة : _bأسعد طرابزوني الحسيني، _c[بين 1900 و1999] |
|
| 300 |
_a472 صفحة ؛ _c24 سم |
||
| 336 |
_aنص _btxt _2rdacontent _3كتاب |
||
| 337 |
_aبدون وسيط _bn _2rdamedia |
||
| 338 |
_aمجلد _bnc _2rdacarrier |
||
| 504 | _aيشتمل على ببليوجرافية. | ||
| 600 | 0 | 7 |
_aمحمد (صلى الله عليه وسلم)، _d53 قبل الهجرة-11 هجري _2aucnm |
| 650 | 7 |
_aالمزارات الإسلامية _2aucsh |
|
| 651 | 7 |
_aالمدينة المنورة _xتاريخ _2aucsh |
|
| 651 | 7 |
_aالمدينة المنورة _xجغرافيا _2aucsh |
|
| 651 | 7 |
_aالمدينة المنورة _xوصف ورحلات _2aucsh |
|
| 700 | 1 | 2 |
_aالعباسي، أحمد بن عبد الحميد، _dتوفي قرن 10 هجري. _iاستدراك لـ : _tعمدة الأخبار في مدينة المختار |
| 700 | 1 |
_aالطيب الأنصاري، محمد الطيب بن إسحاق بن الزبير، _d1296-1363 هجري _eمصحح. |
|
| 700 |
_aالجاسر، حمد _eمصحح. |
||
| 942 |
_2ddc _cBOOK _n0 |
||
| 949 |
_aSA-JeALM _d250731 _uosman123 _n1 |
||
| 999 |
_c10454 _d10454 |
||